| 000 | 00463nam a2200181Ia 4500 | ||
|---|---|---|---|
| 001 | 14833 | ||
| 005 | 20260306164943.0 | ||
| 008 | 260306t2001||||xx |||||||||||||| ||spa|| | ||
| 041 | _aESP | ||
| 082 |
_a519.5 _bA59 2001 |
||
| 100 |
_aAnderson, David R. _eAUT |
||
| 245 | 0 | _aEstadística para administración y economía | |
| 260 | _c2001 | ||
| 300 |
_aXXVI, 909 páginas :, A-96, I-1 _c26 cm. |
||
| 650 | _aGEN | ||
| 654 | _aCMA | ||
| 942 |
_cLIB _dJUS _fJUS _2ddc _n |
||
| 999 |
_c14833 _d14833 |
||